Compost fertilizer application to rice at preah sdach district prey veng privince, ការប្រើប្រាស់ជីកំប៉ុស្ដិ៍ទៅលើដំណាំស្រូវរបស់កសិករនៅស្រុកព្រះស្ដេចខេត្តព្រៃវែង (Record no. 4419)
[ view plain ]
| 000 -LEADER | |
|---|---|
| fixed length control field | 00676nam a22001577a 4500 |
| 003 - CONTROL NUMBER IDENTIFIER | |
| control field | OSt |
| 005 - DATE AND TIME OF LATEST TRANSACTION | |
| control field | 20151212085246.0 |
| 008 - FIXED-LENGTH DATA ELEMENTS--GENERAL INFORMATION | |
| fixed length control field | 151212b xxu||||| |||| 00| 0 eng d |
| 040 ## - CATALOGING SOURCE | |
| Transcribing agency | RUA |
| 082 ## - DEWEY DECIMAL CLASSIFICATION NUMBER | |
| Classification number | ATM.s YIM 2004 B203 Or.1 |
| 100 ## - MAIN ENTRY--PERSONAL NAME | |
| 9 (RLIN) | 4742 |
| Personal name | YIM, UTH. |
| 245 ## - TITLE STATEMENT | |
| Title | Compost fertilizer application to rice at preah sdach district prey veng privince, ការប្រើប្រាស់ជីកំប៉ុស្ដិ៍ទៅលើដំណាំស្រូវរបស់កសិករនៅស្រុកព្រះស្ដេចខេត្តព្រៃវែង |
| 260 ## - PUBLICATION, DISTRIBUTION, ETC. (IMPRINT) | |
| Place of publication, distribution, etc. | Phnom Penh |
| Name of publisher, distributor, etc. | RUA |
| Date of publication, distribution, etc. | 2004 |
| 300 ## - PHYSICAL DESCRIPTION | |
| Extent | vii; 34p. |
| Other physical details | ill. |
| Dimensions | 29cm. |
| 942 ## - ADDED ENTRY ELEMENTS (KOHA) | |
| Source of classification or shelving scheme | |
| Koha item type | ATM.s |
| Price effective from | Date last seen | Permanent Location | Not for loan | Date acquired | Source of classification or shelving scheme | Koha item type | Lost status | Withdrawn status | Date last checked out | Total Checkouts | Shelving location | Damaged status | Barcode | Current Location | Full call number |
|---|---|---|---|---|---|---|---|---|---|---|---|---|---|---|---|
| 2015-12-12 | 2015-12-12 | Library Block B | 2015-12-12 | ATM.s | B203 | RUA016909 | Library Block B | ATM.s YIM 2004 B203 Or.1 | |||||||
| 2015-12-12 | 2015-12-12 | Library Block B | 2015-12-12 | ATM.s | B203 | RUA016767 | Library Block B | ATM.s YIM 2004 B203 Or.2 | |||||||
| 2015-12-12 | 2015-12-12 | Library Block B | 2015-12-12 | ATM.s | B203 | RUA016769 | Library Block B | ATM.s YIM 2004 B203 Or.3 | |||||||
| 2015-12-12 | 2015-12-12 | Library Block B | 2015-12-12 | ATM.s | B203 | RUA016839 | Library Block B | ATM.s YIM 2004 B203 Or.4 | |||||||
| 2015-12-12 | 2015-12-12 | Library Block B | 2015-12-12 | ATM.s | B203 | RUA016983 | Library Block B | ATM.s YIM 2004 B203 Or.5 | |||||||
| 2015-12-12 | 2015-12-12 | Library Block B | 2015-12-12 | ATM.s | B203 | RUA016981 | Library Block B | ATM.s YIM 2004 B203 Or.6 | |||||||
| 2015-12-12 | 2015-12-12 | Library Block B | 2015-12-12 | ATM.s | B203 | RUA016837 | Library Block B | ATM.s YIM 2004 B203 Or.7 | |||||||
| 2015-12-12 | 2015-12-12 | Library Block B | 2015-12-12 | ATM.s | B203 | RUA016985 | Library Block B | ATM.s YIM 2004 B203 Or.8 | |||||||
| 2015-12-12 | 2015-12-12 | Library Block B | 2015-12-12 | ATM.s | B203 | RUA016765 | Library Block B | ATM.s YIM 2004 B203 Or.9 | |||||||
| 2015-12-12 | 2015-12-12 | Library Block B | 2015-12-12 | ATM.s | B203 | RUA016970 | Library Block B | ATM.s YIM 2004 B203 Or.10 | |||||||
| 2015-12-12 | 2018-12-04 | Library Block B | 2015-12-12 | ATM.s | 2018-11-20 | 1 | B203 | RUA016554 | Library Block B | ATM.s YIM 2004 B203 Or.11 | |||||
| 2015-12-12 | 2025-12-01 | Library Block B | 2015-12-12 | ATM.s | 2025-11-28 | 1 | B203 | RUA016695 | Library Block B | ATM.s YIM 2004 B203 Or.12 |